000 00355nam a2200145Ia 4500
008 230711s9999||||xx |||||||||||||| ||und||
041 _aENG
082 _a624
_bDH-S
100 _aDhawan,S
245 0 _aSpace lanchers for India
250 _a1st Ed.
260 _c1991
_aNew Delhi
_bThe Indian Instuite of Enginers
650 _aArchitecture
942 _cBK
999 _c3517
_d3517